<?xml version="1.0" encoding="UTF-8"?>
<marc:record xmlns:marc="http://www.loc.gov/MARC21/slim">
   <marc:leader>00000nam a2200000 a 4500</marc:leader>
   <marc:datafield ind1="1" ind2=" " tag="100">
      <marc:subfield code="a">Muriel, Oscar de (Verfasser)</marc:subfield>
      <marc:subfield code="4">aut</marc:subfield>
      <marc:subfield code="e">Verfasser/-in</marc:subfield>
   </marc:datafield>
   <marc:datafield ind1="0" ind2="0" tag="245">
      <marc:subfield code="a">Der Fluch von Pendle Hill</marc:subfield>
   </marc:datafield>
   <marc:datafield ind1="0" ind2="0" tag="245">
      <marc:subfield code="b">Ein Fall für Frey &amp; McGray</marc:subfield>
   </marc:datafield>
   <marc:datafield ind1=" " ind2="1" tag="264">
      <marc:subfield code="b">Goldmann</marc:subfield>
      <marc:subfield code="c">2018</marc:subfield>
   </marc:datafield>
   <marc:datafield ind1="1" ind2=" " tag="490">
      <marc:subfield code="a">Frey &amp; McGray</marc:subfield>
   </marc:datafield>
   <marc:datafield ind1="1" ind2=" " tag="520">
      <marc:subfield code="a">Neujahr 1889: In Edinburghs berüchtigter Irrenanstalt wird eine Krankenschwester ermordet. Kurz bevor dem Täter die Flucht gelingt, spricht er mit einer Patientin, die seit Jahren stumm ist. Sind die Gerüchte von schwarzer Magie wahr, die in den Fluren der Anstalt kursieren? Inspector McGray geht der Fall sehr nahe, denn die junge Frau ist seine Schwester. Zusammen mit seinem Partner Ian Frey verfolgt er den Mörder durch das ganze Königsreich - bis zum Pendle Hill, Sitz der gefürchteten Hexen von Lancashire, wo die beiden einem furchtbaren Geheimnis auf die Spur kommen.</marc:subfield>
   </marc:datafield>
   <marc:datafield ind1=" " ind2=" " tag="020">
      <marc:subfield code="a">9783442485062</marc:subfield>
      <marc:subfield code="9">9783442485062</marc:subfield>
   </marc:datafield>
</marc:record>
